| 000 | 00842nam a2200277 4500 | ||
|---|---|---|---|
| 001 | 75585 | ||
| 003 | BD-RjUL | ||
| 005 | 20211209082719.0 | ||
| 008 | 190428s1977 caua b 001 0 eng | ||
| 035 | _a(BD-RjUL)75803 | ||
| 040 |
_aDLC _cDLC _dDLC _beng |
||
| 041 | _aeng | ||
| 082 | 0 | 0 |
_a650 _223 _bSII 1972 |
| 100 | 1 |
_aSielaff, Theodore J. _9231304 |
|
| 245 | 1 | 0 |
_aIntroduction to business: American enterprise in action _c[by] Theodore J. Sielaff and John W. Aberle. |
| 250 | _a5th ed. | ||
| 260 |
_aBelmont, Calif., _bWadsworth Pub. Co. _c[1972] |
||
| 300 |
_a622 p. _billus. _c25 cm. |
||
| 504 | _aIncludes bibliographies. | ||
| 650 | 0 |
_aBusiness. _9231305 |
|
| 700 | 1 |
_aAberle, John W., _9231306 |
|
| 906 |
_a7 _bcbc _corignew _d2 _encip _f19 _gy-gencatlg |
||
| 942 |
_2ddc _cBK |
||
| 999 |
_c75585 _d75585 |
||